[Event "San Fernando op 16th"]
[Site "Cadiz"]
[Date "2002.07.25"]
[Round "3"]
[White "Riscart Alba, Sebastian"]
[Black "Garcia Ramos, Javier"]
[Result "0-1"]
[WhiteElo "1954"]
[BlackElo "2348"]
[PlyCount "36"]
[EventDate "2002.07.24"]
[EventType "swiss"]
[EventRounds "7"]
[EventCountry "ESP"]
[SourceTitle "CBM 089 Extra"]
[Source "ChessBase"]
[SourceDate "2002.09.10"]
[SourceVersion "2"]
[SourceVersionDate "2002.09.10"]
[SourceQuality "1"]

1. d4 Nf6 2. c4 c5 3. e3 g6 4. Nc3 Bg7 5. Nf3 0-0 6. Bd3 d5 7. h3 Nc6 8. a3 cxd4 9. exd4 Be6 10. c5 b6 11. b4 bxc5 12. bxc5 Nd7 13. Be3 Nxc5 14. Rc1 Nxd3+ 15. Qxd3 Na5 16. Ng5 Bf5 17. Qb5 Rb8 18. Qxd5 Nb3 0-1